Southville International School and Colleges
Your cart is empty.
  • Cart
  • Lists
    Public lists list_1 View all
    Your lists Log in to create your own lists
  • Log in to your account
  • Your cookies
  • Search history
Southville International School and Colleges
  • Advanced search
  • Recent comments
  • Most popular
  • Libraries

Log in to your account

Log in with GOOGLE


If you do not have an external account, but do have a local account, you can still log in:

  1. Home
  2. MARC view: College algebra /
Normal view MARC view ISBD view

College algebra / (Record no. 283976)

[ view plain ]
MARC details
000 -LEADER
fixed length control field 00688nam a2200253 i 4500
001 - CONTROL NUMBER
control field 344840
003 - CONTROL NUMBER IDENTIFIER
control field PILC
005 - DATE AND TIME OF LATEST TRANSACTION
control field 20150514081117.0
008 - FIXED-LENGTH DATA ELEMENTS--GENERAL INFORMATION
fixed length control field 770425s1977 nyua 001 0 eng
010 ## - LIBRARY OF CONGRESS CONTROL NUMBER
LC control number 76018028
020 ## - INTERNATIONAL STANDARD BOOK NUMBER
International Standard Book Number 0442225164
040 ## - CATALOGING SOURCE
Original cataloging agency DLC
Transcribing agency DLC
Modifying agency DLC
050 00 - LIBRARY OF CONGRESS CALL NUMBER
Classification number QA 154
Item number .F965 1977
082 00 - DEWEY DECIMAL CLASSIFICATION NUMBER
Classification number 512.9
100 1# - MAIN ENTRY--PERSONAL NAME
Personal name Fuller, Gordon,
Dates associated with a name 1894-
245 10 - TITLE STATEMENT
Title College algebra /
Statement of responsibility, etc Gordon Fuller.
250 ## - EDITION STATEMENT
Edition statement 4th ed.
260 ## - PUBLICATION, DISTRIBUTION, ETC. (IMPRINT)
Place of publication, distribution, etc New York :
Name of publisher, distributor, etc D. Van Nostrand Co.,
Date of publication, distribution, etc 1977.
300 ## - PHYSICAL DESCRIPTION
Extent xii, 467 pages :
Other physical details illustrations ;
Dimensions 25 cm.
500 ## - GENERAL NOTE
General note Includes index.
650 #0 - SUBJECT ADDED ENTRY--TOPICAL TERM
Topical term or geographic name as entry element Algebra.
906 ## - LOCAL DATA ELEMENT F, LDF (RLIN)
a 7
b cbc
c orignew
d 2
e ocip
f 19
g y-gencatlg
942 ## - ADDED ENTRY ELEMENTS (KOHA)
Source of classification or shelving scheme Library of Congress Classification
Koha item type Books
Call number prefix Foreign
Holdings
Withdrawn status Lost status Source of classification or shelving scheme Damaged status Home library Current library Shelving location Date acquired Source of acquisition Total Checkouts Full call number Barcode Date last seen Price effective from Koha item type
    Library of Congress Classification   College Library College Library General Circulation Section 05/14/2015 Library Fund   QA 154 .F965 1977 C19283 05/15/2018 05/14/2015 Books

College algebra /

APA

Fuller G., . (1977). College algebra. New York: D. Van Nostrand Co.

Chicago

Fuller Gordon, . 1977. College algebra. New York: D. Van Nostrand Co.

Harvard

Fuller G., . (1977). College algebra. New York: D. Van Nostrand Co.

MLA

Fuller Gordon, . College algebra. New York: D. Van Nostrand Co. 1977.

  • Place hold
  • Print
  • Cite
  • Add to your cart (remove)
  • Save record
    BIBTEX Dublin Core MARCXML MARC (non-Unicode/MARC-8) MARC (Unicode/UTF-8) MARC (Unicode/UTF-8, Standard) MODS (XML) RIS
  • More searches
    Search for this title in:
    Other Libraries (WorldCat) Other Databases (Google Scholar) Online Stores (Bookfinder.com) Open Library (openlibrary.org)

Exporting to Dublin Core...

SOUTHVILLE LIBRARY

Southville International School and Colleges Library

1281 Tropical Ave. Cor. Luxembourg St., BF Homes International, Las Pinas City

Tel. No. 8256374 / 252358 Loc. 117/146

Powered by Koha